[Event "San Francisco Capps Memorial"]
[Site "San Francisco"]
[Date "2005.11.05"]
[Round "1"]
[White "Da Cruz, Michael"]
[Black "Wanlass, Ken"]
[Result "1-0"]
[WhiteElo "1804"]
[BlackElo "276"]
[PlyCount "51"]
[EventDate "2005.11.05"]
[EventType "swiss"]
[EventRounds "6"]
[EventCountry "USA"]
[SourceTitle "EXT 2007"]
[Source "ChessBase"]
[SourceDate "2006.11.23"]
[SourceVersion "1"]
[SourceVersionDate "2006.11.23"]
[SourceQuality "1"]

1. e4 e5 2. Nf3 Nc6 3. Bc4 Bc5 4. 0-0 Nf6 5. d4 Nxd4 6. Nxe5 0-0 7. Be3 d6 8. Nxf7 Rxf7 9. Bxd4 Qd7 10. Bxf7+ Qxf7 11. Bxc5 dxc5 12. Qd8+ Qf8 13. Qxc7 Nxe4 14. f3 Nf6 15. Rd1 Ne8 16. Qe5 Bf5 17. Nc3 g6 18. Ne4 Bxe4 19. fxe4 Qg7 20. Qxc5 Qxb2 21. Rab1 Qxa2 22. Rxb7 Qe6 23. Rdd7 Qxe4 24. h3 Qa4 25. Qd5+ Kh8 26. Rxh7# 1-0

[Event "San Francisco Capps Memorial"]
[Site "San Francisco"]
[Date "2005.11.05"]
[Round "3"]
[White "Wanlass, Ken"]
[Black "Ladyzhensky, Boris"]
[Result "0-1"]
[WhiteElo "276"]
[BlackElo "1721"]
[PlyCount "76"]
[EventDate "2005.11.05"]
[EventType "swiss"]
[EventRounds "6"]
[EventCountry "USA"]
[SourceTitle "EXT 2007"]
[Source "ChessBase"]
[SourceDate "2006.11.23"]
[SourceVersion "1"]
[SourceVersionDate "2006.11.23"]
[SourceQuality "1"]

1. e4 c5 2. Nf3 d6 3. d4 cxd4 4. Nxd4 Nf6 5. Nc3 g6 6. Be3 Bg7 7. Bc4 0-0 8. f3 Bd7 9. Qd2 Nc6 10. g4 Qa5 11. 0-0-0 Rfc8 12. Bb3 Ne5 13. h4 Nc4 14. Bxc4 Rxc4 15. Bh6 Nxe4 16. fxe4 Rxd4 17. Qxd4 Bxd4 18. Rxd4 Be6 19. Ra4 Qc5 20. h5 g5 21. Rf1 a6 22. Nd5 Bxd5 23. exd5 Qxd5 24. c3 b5 25. Rd4 Qe5 26. Rf5 Qe3+ 27. Kc2 f6 28. Rd3 Qe2+ 29. Rd2 Qe4+ 30. Rd3 Rc8 31. Rff3 a5 32. Rfe3 Qb7 33. Rd2 b4 34. Re6 a4 35. Rde2 Rc7 36. R2e4 bxc3 37. bxc3 a3 38. Rb4 Qxb4 0-1